00408 2200157 4500001002100000008004100021035002000062245004000082100002500122260002500147300002200172020002200194084001400216082000800230990001200238INLIS000000000002781 IND  a0010-0925000128 aYang TercintacNyi Penengah Dewanti aNyi Penengah Dewanti aJakartabZettuc2014 a232c(13 x 19 cm) a978-602-7999-99-2 a813 PEN y a813 a0755003